000 00315nam a2200109Ia 4500
008 171211s9999 xx 000 0 und d
245 4 _aThe Handbook of Creative Writing (2nd edition)
245 _cSteven Earnshaw
260 _c2014
650 _xLANGUAGES
856 _uhttp://down.ebook777.com/025/9780748689392.pdf
999 _c349737
_d349737